<?xml version="1.0" encoding="UTF-8"?>
<record
    xmlns:xsi="http://www.w3.org/2001/XMLSchema-instance"
    xsi:schemaLocation="http://www.loc.gov/MARC21/slim http://www.loc.gov/standards/marcxml/schema/MARC21slim.xsd"
    xmlns="http://www.loc.gov/MARC21/slim">

  <leader>00366nam a2200157Ia 4500</leader>
  <controlfield tag="003">RNL</controlfield>
  <controlfield tag="008">090707b        ii     f      a   fnsan d</controlfield>
  <datafield tag="040" ind1=" " ind2=" ">
    <subfield code="a">RCL</subfield>
  </datafield>
  <datafield tag="100" ind1=" " ind2=" ">
    <subfield code="a">Ghuman, Bikram Singh, ed.</subfield>
    <subfield code="9">26090</subfield>
  </datafield>
  <datafield tag="245" ind1=" " ind2=" ">
    <subfield code="a">Sufimat ate Punjabi   Sufi kaav</subfield>
  </datafield>
  <datafield tag="260" ind1=" " ind2=" ">
    <subfield code="a">Amritsar</subfield>
  </datafield>
  <datafield tag="260" ind1=" " ind2=" ">
    <subfield code="b">Waris Shah Foundation</subfield>
  </datafield>
  <datafield tag="260" ind1=" " ind2=" ">
    <subfield code="c">2009</subfield>
  </datafield>
  <datafield tag="300" ind1=" " ind2=" ">
    <subfield code="a">256p.</subfield>
  </datafield>
  <datafield tag="942" ind1=" " ind2=" ">
    <subfield code="c">BK</subfield>
  </datafield>
  <datafield tag="952" ind1=" " ind2=" ">
    <subfield code="0">0</subfield>
    <subfield code="1">0</subfield>
    <subfield code="2">ddc</subfield>
    <subfield code="4">0</subfield>
    <subfield code="7">0</subfield>
    <subfield code="8">Pun</subfield>
    <subfield code="a">RNL</subfield>
    <subfield code="b">RNL</subfield>
    <subfield code="c">GEN</subfield>
    <subfield code="d">2018-10-02</subfield>
    <subfield code="l">1</subfield>
    <subfield code="p">48483</subfield>
    <subfield code="r">2024-06-19</subfield>
    <subfield code="s">2024-02-07</subfield>
    <subfield code="v">250.00</subfield>
    <subfield code="w">2018-10-02</subfield>
    <subfield code="y">BK</subfield>
  </datafield>
  <datafield tag="999" ind1=" " ind2=" ">
    <subfield code="c">22694</subfield>
    <subfield code="d">22694</subfield>
  </datafield>
</record>
